Antología de mujeres poetas afrocolombianas /

Guardado en:
Bibliografiske detaljer
Hovedforfatter: Ocampo Zamorano, Alfredo (comp.)
Andre forfattere: Cuesta Escobar, Guiomar (compilación) (compilación)
Format: Bog
Sprog:spansk
Udgivet: Bogotá, Colombia : Ministerio de Cultura, 2010, c2010
Serier:(Biblioteca de Literatura Afrocolombiana ; 16)
Fag:
Tags: Tilføj Tag
Ingen Tags, Vær først til at tagge denne postø!

MARC

LEADER 00000nam^a2200000^a^4500
001 000309721
005 20250521000000.0
009 20260310112953.852
020 |a 978-958-753-007-0 
020 |a 978-958-8250-88-5 
037 |a Acervo ITESO - Biblioteca 
041 |a ESP 
082 |a 868.  |b AFR V. 16 
100 |a Ocampo Zamorano, Alfredo  |e (comp.) 
245 1 0 |a Antología de mujeres poetas afrocolombianas /  |c Comp. y pról. de A. Ocampo Zamorano, G. Cuesta Escobar. 
264 4 |a Bogotá, Colombia :  |b Ministerio de Cultura,  |c 2010, c2010 
300 |a 590 p. 
336 |a texto  |b txt  |2 rdacontenido 
337 |a sin mediación  |b n  |2 rdamedio 
338 |a volumen  |b nc  |2 rdasoporte 
440 1 |a (Biblioteca de Literatura Afrocolombiana ;  |v 16) 
649 |a XX 
650 |a Poesía Colombiana 
650 |a Literatura Colombiana -  |y Siglo XX 
650 |a Literatura Colombiana -  |y Siglo XXI 
650 |a Literatura Afroamericana -  |z Colombia 
650 |a Literatura de Mujeres -  |z Colombia 
700 |a Cuesta Escobar, Guiomar  |e (compilación) 
910 |a Fondo General 
920 |a Impresos - Libros 
930 |a Colección General 
940 |a Literatura 
905 |a 101 
901 |a 0500196186  |b IT1  |c LIT  |i C126945  |u 20250521 
902 |a https://opac.biblio.iteso.mx/vufind/Record/000309721